Dans quel univers apparaît ce loup-garou ? - Statistiques

Statistiques générales
  • Ce quiz a été pris 19 fois
  • Le résultat moyen est 5 sur 18
Statistiques - réponses
Loup-garou Univers % Correct
Jacob Black Twilight
83%
Remus Lupin Harry Potter
78%
Michael Jackson Thriller
61%
Scott McCall Teen Wolf
44%
Tyler Lockwood Vampire Diaries
39%
Gabriel Van Helsing Van Helsing
33%
Clawdeen Wolf Monster High
22%
Oz Buffy contre les vampires
17%
Lycaon Mythologie grecque
17%
Lucian Underworld
17%
Worgen World of Warcraft
17%
Wayne Werewolf Hôtel Transylvanie
11%
Warwick League of Legends
11%
Leon La Nuit du loup-garou
6%
Bruno Yuson Mercredi
6%
Scarlett Lucas Once upon a time
6%
Alcide Herveaux True Blood
6%
Blaise Zombillénium
6%
Aucun quiz correspondant
Distribution des résultats
% des personnes avec chaque résultat
Percentile par nombre de réponses
Votre historique - résultats
Vous n’avez pas pris ce quiz